000
00200nam a22000857a 4500
008
170619b xxu||||| |||| 00| 0 eng d
100
_9
3510
_a
Lablanc. A
245
_a
Snow Treassure
260
_a
U. S. A
_c
1942
999
_c
6894
_d
6894